Statistics for compass football

Click here to take the quiz!

General Stats

  • This quiz has been taken 5 times
  • The average score is 5 of 8

Answer Stats

HintAnswer% Correct
EnglishSouthampton
100%
EnglishWest brom
100%
EnglishWest Ham
100%
EnglishNorthampton
100%
EnglishPreston north end
33%
EnglishSouthend
33%
ScottishQueen of the south
33%
ScottishEast fifie
0%

Score Distribution

Percentile by Number Answered

Percent of People with Each Score

Your Score History

You have not taken this quiz